Vállalatok évértékelő rendezvényeinek fellendülése, a gazdasági világválságot követően

Bibliográfiai részletek
Szerző: Szebeni Flóra
További közreműködők: Róbert Nóra
Dokumentumtípus: Diplomadolgozat
Kulcsszavak:vállalati rendezvények
rendezvényszervezés
évértékelő rendezvény
Online Access:http://dolgozattar.uni-bge.hu/12985

MARC

LEADER 00000nta a2200000 i 4500
001 dolg12985
005 20180212165420.0
008 171128suuuu hu om 000 hun d
040 |a BGE Dolgozattár Repozitórium  |b hun 
041 |a hu 
100 1 |a Szebeni Flóra 
245 1 0 |a Vállalatok évértékelő rendezvényeinek fellendülése, a gazdasági világválságot követően  |c Szebeni Flóra  |h [elektronikus dokumentum] 
695 |a vállalati rendezvények 
695 |a rendezvényszervezés 
695 |a évértékelő rendezvény 
700 1 |a Róbert Nóra  |e ths 
856 4 0 |u http://dolgozattar.uni-bge.hu/12985/1/Szebeni%20Fl%C3%B3ra-%20Szakdolgozat.pdf  |z Dokumentum-elérés